[Event "IND-chT 37th"]
[Site "Bhopal"]
[Date "2017.02.02"]
[Round "1.1"]
[White "Suraj, Choudhary"]
[Black "Puranik, Abhimanyu Sameer"]
[Result "0-1"]
[WhiteElo "1842"]
[BlackElo "2481"]
[PlyCount "48"]
[EventDate "2017.02.02"]
[EventType "team-swiss"]
[EventRounds "9"]
[EventCountry "IND"]
[SourceTitle "CBM 176 Extra"]
[Source "ChessBase"]
[SourceDate "2017.03.02"]
[SourceVersion "1"]
[SourceVersionDate "2017.03.02"]
[SourceQuality "1"]
[WhiteTeam "Academy of Chess Education"]
[BlackTeam "Airports Authority"]
[WhiteTeamCountry "IND"]
[BlackTeamCountry "IND"]

1. d4 Nf6 2. Nf3 g6 3. g3 Bg7 4. Bg2 0-0 5. 0-0 d5 6. c4 dxc4 7. Na3 c3 8. bxc3 c5 9. h3 Nc6 10. Nc2 Bf5 11. Ne3 Be4 12. Bb2 Rc8 13. Qa4 b5 14. Qa6 cxd4 15. Nxd4 Bxg2 16. Kxg2 Nxd4 17. cxd4 Nd5 18. Nd1 Qd7 19. a4 b4 20. Qb5 Rfd8 21. e4 Nc3 22. Qxb4 Nxe4 23. Ne3 Rb8 24. Qa3 Qb7 0-1

[Event "Asia-ch U20"]
[Site "New Delhi"]
[Date "2006.11.11"]
[Round "6.20"]
[White "Suraj, Choudhary"]
[Black "Balkishan, A."]
[Result "1/2-1/2"]
[WhiteElo "1905"]
[BlackElo "1955"]
[PlyCount "45"]
[EventDate "2006.11.07"]
[EventType "swiss"]
[EventRounds "9"]
[EventCountry "IND"]
[SourceTitle "CBM 115 Extra"]
[Source "ChessBase"]
[SourceDate "2007.01.10"]
[SourceVersion "1"]
[SourceVersionDate "2007.01.10"]
[SourceQuality "1"]

1. d4 d5 2. c4 c6 3. cxd5 cxd5 4. Nf3 Nc6 5. Nc3 Nf6 6. a3 Qa5 7. Qa4 Qxa4 8. Nxa4 Bg4 9. e3 e6 10. Bb5 Bd6 11. Bd2 Ke7 12. h3 Bf5 13. Rc1 Rac8 14. Ke2 Nb8 15. Ne5 Ne4 16. g4 Bg6 17. Rxc8 Rxc8 18. Bc1 Bxe5 19. dxe5 a6 20. Bd3 Nd7 21. f4 Ng3+ 22. Kf3 Bxd3 23. Kxg3 1/2-1/2

[Event "Asia-ch U20"]
[Site "New Delhi"]
[Date "2006.11.09"]
[Round "3.21"]
[White "Razdan, Anmol"]
[Black "Suraj, Choudhary"]
[Result "1/2-1/2"]
[WhiteElo "1904"]
[BlackElo "1905"]
[PlyCount "68"]
[EventDate "2006.11.07"]
[EventType "swiss"]
[EventRounds "9"]
[EventCountry "IND"]
[SourceTitle "CBM 115 Extra"]
[Source "ChessBase"]
[SourceDate "2007.01.10"]
[SourceVersion "1"]
[SourceVersionDate "2007.01.10"]
[SourceQuality "1"]

1. e4 c5 2. Nf3 d6 3. d4 cxd4 4. Qxd4 Nc6 5. Bb5 Bd7 6. Bxc6 Bxc6 7. Nc3 e6 8. Bg5 Qb6 9. Qxb6 axb6 10. 0-0 Nf6 11. Rfe1 Be7 12. a4 0-0 13. Nd2 h6 14. Be3 Nd7 15. Nc4 Bf6 16. Nxd6 Bxc3 17. bxc3 Rxa4 18. Rxa4 Bxa4 19. Nxb7 Bxc2 20. f3 Rc8 21. Bd2 Ba4 22. Ra1 b5 23. Rb1 Nc5 24. Nxc5 Rxc5 25. Rb4 Kf8 26. Kf2 Rc4 27. Rxc4 bxc4 28. Ke3 Bc2 29. Kd4 Ke8 30. Bc1 Kd7 31. Ba3 f6 32. h4 h5 33. g3 f5 34. exf5 exf5 1/2-1/2

[Event "Asia-ch U20"]
[Site "New Delhi"]
[Date "2006.11.08"]
[Round "1.9"]
[White "Sethuraman, SP."]
[Black "Suraj, Choudhary"]
[Result "1-0"]
[WhiteElo "2329"]
[BlackElo "1905"]
[PlyCount "55"]
[EventDate "2006.11.07"]
[EventType "swiss"]
[EventRounds "9"]
[EventCountry "IND"]
[SourceTitle "CBM 115 Extra"]
[Source "ChessBase"]
[SourceDate "2007.01.10"]
[SourceVersion "1"]
[SourceVersionDate "2007.01.10"]
[SourceQuality "1"]

1. e4 c5 2. Nf3 d6 3. d4 cxd4 4. Nxd4 Nf6 5. Nc3 a6 6. Be3 e5 7. Nf3 Qc7 8. Nd5 Nxd5 9. Qxd5 Be6 10. Qd2 h6 11. Nh4 g6 12. Be2 Be7 13. Nf3 Bf8 14. 0-0 Nd7 15. c4 f5 16. exf5 gxf5 17. Qc2 d5 18. Bd3 f4 19. Bxf4 exf4 20. Rfe1 Kf7 21. cxd5 Qxc2 22. dxe6+ Kf6 23. Bxc2 Nb6 24. Rad1 Be7 25. Re4 Kg7 26. Rxf4 Rhf8 27. Rg4+ Kf6 28. Rg6# 1-0